Les Films Jurassic Park - Statistiques

Statistiques générales
  • Ce quiz a été pris 590 fois
  • Le résultat moyen est 2 sur 6
Statistiques - réponses
Année Film % Correct
1993 Jurassic Park
93%
1997 Le Monde Perdu : Jurassic Park
58%
2001 Jurassic Park 3
23%
2015 Jurassic World
21%
2018 Jurassic World : Fallen Kingdom
4%
2021 Jurassic World : Dominion
2%
Aucun quiz correspondant
Distribution des résultats
% des personnes avec chaque résultat
Percentile par nombre de réponses
Votre historique - résultats
Vous n’avez pas pris ce quiz